000 01284nam a22003737a 4500
001 BR2023001936
003 BR-BrBNA
005 20231011113807.0
008 231011b bl.||||| |||| 00| 0 por d
040 _aBR-BrBNA
_bpor
041 _apor
072 _aA50 ; M12 ; D50
_b8105
090 _a8105 BR2023001936
100 _aMelo, José Fernando Bibiano de (org.)
100 _aOliveira, Munique Daniela Maia de (org.)
100 _aCollicchio, Erich (org.)
110 1 _95186
_aFundação Universidade do Tocantins, Palmas (Brasil)
111 _a1. Reunião Técnica de Piscicultura: proposições para a formulação de uma política nacional de pesquisa em aquicultura
_cPalmas, TO (Brasil)
_d07-09 Dec 2004
245 _a1. Reunião técnica de piscicultura: proposições para a formulação de uma política nacional de pesquisa em aquicultura
260 _aPalmas, TO (Brasil)
_c2004
300 _a67 p.
_bil.
500 _a31 illus.; 5 tables
650 _aAQUICULTURA
650 _aPEIXE DE ÁGUA DOCE
650 _aPOLÍTICA DE PESQUISA
650 _aCRIAÇÃO
650 _aPRODUÇÃO ANIMAL
650 _aTANQUE
650 _aDIAGNÓSTICO
650 _aMEIO AMBIENTE
650 _aLEGISLAÇÃO
909 _a202310
_bFernando
942 _cBK
999 _c86465
_d86465